000 00552cam a22002171 4500
001 sa 64002889
003 DLC
005 20260227112013.0
008 890921s1963 ii 000 0 tamo
010 _asa 64002889
035 _a(OCoLC)20379975
040 _aDLC
_cWaU
_dDLC
042 _apremarc
050 0 0 _aDS481.R27
_bA3
100 1 _aRajagopalachari, C.
_q(Chakravarti),
_d1878-1972.
245 1 0 _aRājāji aruḷmalarkal̲.
260 _c[1963]
300 _a78 p.
_c19 cm.
500 _aIn Tamil.
700 1 _aAṇṇāmalai, Cin̲n̲a.
999 _c57576
_d57576